[Event "BL Meisterschaftsturnier 2020"]
[Site "Karlsruhe"]
[Date "2020.09.16"]
[Round "1.5"]
[White "Abergel, Thal"]
[Black "Fedorovsky, Michael"]
[Result "1/2-1/2"]
[WhiteElo "2460"]
[BlackElo "2422"]
[Annotator "TA"]
[PlyCount "49"]
[EventDate "2020.09.16"]
[EventType "team-tourn"]
[EventCountry "GER"]
[SourceTitle "playchess.com"]
[Source "ChessBase"]
[SourceQuality "1"]
[WhiteTeam "Viernheim"]
[BlackTeam "Bayern Muenchen"]

{[%evp 9,49,0,18,14,33,17,26,25,31,0,0,0,0,0,0,0,0,0,0,0,0,0,9,7,0,4,0,0,29,12,19,18,33,39,36,31,36,43,43,44,44,45]} 1. d4 Nf6 2. Nf3 d5 3. Bf4 c5 4. e3 Nc6 5. Nbd2 cxd4 6. exd4 {D02: 1 d4 d5 2 Nf3 sidelines, including 2...Nf6 3 g3 and 2...Nf6 3 Bf4.} Bf5 7. c3 e6 8. Qb3 {White has an edge.} Bd6 9. Bxd6 Qxd6 10. a4 O-O 11. Be2 h6 12. O-O {[#]} Rfe8 $146 ({Predecessor:} 12... Rab8 13. Rfe1 Rfc8 14. Qa3 Qc7 15. Nf1 Bg4 16. N1d2 Bf5 17. Nf1 Nd7 18. Ne3 Be4 {½-½ (27) Filipovic,B (2413)-Milanovic,D (2510) Sarajevo 2017}) 13. Rfe1 Qc7 14. Bf1 Rac8 15. Qa3 Ne4 16. Nxe4 Bxe4 17. Nd2 Bg6 18. Bb5 Qe7 (18... e5 {seems wilder.} 19. dxe5 Rxe5 20. Nf3 Re4 21. Qc5 a6) 19. Qxe7 Rxe7 20. a5 Rec7 21. Nb3 {White is slightly better.} Ne7 22. Nc5 Nf5 23. Bd3 Bh7 24. Bxf5 Bxf5 25. Ra4 {Accuracy: White = 95%, Black = 94%.} 1/2-1/2

[Event "BL Meisterschaftsturnier 2020"]
[Site "Karlsruhe"]
[Date "2020.09.16"]
[Round "1.6"]
[White "Adams, Michael"]
[Black "Keymer, Vincent"]
[Result "1-0"]
[WhiteElo "2706"]
[BlackElo "2568"]
[Annotator "TA"]
[PlyCount "89"]
[EventDate "2020.09.16"]
[EventType "team-tourn"]
[EventCountry "GER"]
[SourceTitle "playchess.com"]
[Source "ChessBase"]
[SourceQuality "1"]
[WhiteTeam "Baden-Baden"]
[BlackTeam "Deizisau"]

{[%evp 14,89,15,0,0,0,0,-30,-42,-24,-31,-35,0,0,0,0,0,0,0,0,0,0,12,6,22,0,40,0,35,18,14,13,49,42,58,47,57,59,49,48,65,67,141,160,149,128,175,158,274,0,0,0,0,0,0,0,70,81,106,68,95,0,2163,1635,2181,2167,1725,2172,2130,2114,1493,1434,1368,1308,2479,2399,29977,29975]} 1. e4 c6 2. d4 d5 3. e5 Bf5 4. h4 h5 5. c4 dxc4 6. Bxc4 e6 7. Nc3 Nd7 8. Nge2 {8.Bg5 is not played anymore.} Be7 {B12: Caro-Kann: Advance Variation.} 9. Ng3 Bg6 10. Nge4 Nh6 {Black has an edge.} 11. Bxh6 Rxh6 12. Qd2 Nb6 13. Be2 {[#]} Nd5 $146 ({Predecessor:} 13... Qc7 14. Rc1 Qd7 15. O-O Rd8 16. Rfd1 Kf8 17. g3 Kg8 18. Qe3 Bf5 19. Nc5 Qc7 20. Bf3 Nc4 21. Qe2 Nxe5 22. Qxe5 Qxe5 23. dxe5 {1-0 (23) Perunovic,M (2622)-Wojtaszek,R (2711) Warsaw 2013}) 14. Bf3 Qb6 15. g3 O-O-O 16. O-O Kb8 17. Rfd1 Rhh8 18. Rac1 Bxe4 19. Nxe4 g6 20. Rc4 Rd7 21. Nc5 Bxc5 22. dxc5 Qc7 23. Qe1 Qd8 24. b4 g5 25. hxg5 Qxg5 26. Rh4 Kc8 27. a4 Ne7 (27... Qf5 $14 28. Bxd5 Rxd5) 28. Rxd7 $16 Kxd7 29. b5 Ng6 30. bxc6+ Ke7 (30... bxc6 $16 31. Qd1+ Kc8) 31. Rxh5 $2 ({White must play} 31. Qd1 $1 $18 {[%cal Rd1d6] Intending Qd6+ and mate.} Nxh4 32. Qd6+ Ke8 33. Bg2) 31... Rxh5 $11 32. Bxh5 Qxh5 33. cxb7 Nxe5 {Hoping for ...Nf3+.} 34. Qe4 Ng4 ({Better is} 34... Nf3+ $1 $11 35. Kg2 Qh2+ 36. Kxf3 Qh1+ 37. Ke3 Qe1+ 38. Kf4 Qxf2+ 39. Kg5 Qxg3+ 40. Kh5 Qb8) 35. Qf3 $14 {[%mdl 1024] White has compensation.} Qh2+ 36. Kf1 Qh5 {[#] And now ...Nh2+ would win.} 37. Qc6 (37. Ke1 $1 $16 Qe5+ 38. Qe2) 37... Ne5 $2 {[%mdl 8192]} (37... Ne3+ $11 38. fxe3 Qf5+ 39. Kg1 Qb1+ 40. Kg2 Qc2+ 41. Kf3 Qf5+ 42. Ke2 Qc2+ 43. Kf3 Qf5+ 44. Kg2 Qc2+ 45. Kh3 Qh7+ 46. Kg2 Qc2+) 38. Qd6+ Kf6 39. Qd8+ Kf5 40. b8=Q {White threatens Qb1+ and mate.} Qh1+ 41. Ke2 {Threatening mate with Qxe5+!} Qf3+ 42. Ke1 Qe4+ {[#]} 43. Kd2 $1 Nf3+ 44. Kc1 Qe1+ 45. Qd1 {Accuracy: White = 86%, Black = 56%.} 1-0

[Event "BL Meisterschaftsturnier 2020"]
[Site "Karlsruhe"]
[Date "2020.09.16"]
[Round "1.6"]
[White "Lokander, Martin"]
[Black "Tarlev, Konstantin"]
[Result "0-1"]
[WhiteElo "2406"]
[BlackElo "2561"]
[Annotator "TA"]
[PlyCount "80"]
[EventDate "2020.09.16"]
[EventType "team-tourn"]
[EventCountry "GER"]
[SourceTitle "playchess.com"]
[Source "ChessBase"]
[SourceQuality "1"]
[WhiteTeam "Bayern Muenchen"]
[BlackTeam "Viernheim"]

{[%evp 15,80,4,11,10,12,13,0,2,33,7,21,5,15,9,17,16,17,11,22,0,6,4,1,0,-2,-8,-7,-22,0,0,0,-11,-12,-9,-1,-1,-1,-6,0,0,0,0,12,0,8,-19,-19,-22,-7,-16,-8,-40,-50,-71,-69,-271,-271,-271,-271,-271,-271,-318,-311,-341,-313,-678,-655]} 1. d4 Nf6 2. c4 e6 3. Nc3 Bb4 4. Qc2 c5 5. dxc5 O-O 6. Nf3 Na6 7. g3 Nxc5 8. Bg2 b6 9. O-O {E39: Nimzo-Indian: Classical: 4...c5 5 dxc5 0-0.} Bb7 10. Nb5 Be4 11. Qd1 {[#] Black must now prevent a3.The position is equal.} Nb7 12. Bf4 a6 13. Nd6 Bxd6 14. Bxd6 Nxd6 15. Qxd6 Qb8 16. Rfd1 Qb7 17. Ne1 Bxg2 18. Nxg2 Rfc8 19. Ne3 b5 20. b3 Rc6 21. Qb4 Rb8 {[#]} 22. cxb5 $146 ({Predecessor:} 22. Rd3 Qc7 23. Qa3 bxc4 24. bxc4 Ne4 25. Rad1 Nc5 26. Rd4 Qb6 27. Ng4 f6 28. Qf3 {0-1 (50) Jahncke,G (2308)-Ovsejevitsch,S (2588) Lueneburg 2015}) 22... axb5 23. Rd6 Rxd6 24. Qxd6 h6 25. Rc1 Ra8 26. Rc2 b4 27. f3 Ra6 28. Qc5 Kh7 29. Kf2 d5 30. Qc7 Qxc7 31. Rxc7 Rxa2 $11 {[%mdl 4096] [#] Endgame Strongly threatening ...d4. KRN-KRN} 32. Nc2 Ne8 33. Rc8 Nd6 34. Rc6 Nb5 {...Nc3 is the strong threat.} 35. Rc5 $2 {This costs White the game.} (35. Nxb4 $15 Rb2 36. Nd3 Rxb3 37. Ne5) 35... Nc3 $19 36. Nxb4 Rxe2+ 37. Kf1 Re3 38. f4 Ne4 39. Rc7 Rxb3 40. Nc6 $2 (40. Nc2) 40... Rc3 {Accuracy: White = 68%, Black = 100%.} 0-1

[Event "BL Meisterschaftsturnier 2020"]
[Site "Karlsruhe"]
[Date "2020.09.16"]
[Round "1.7"]
[White "Kollars, Dmitrij"]
[Black "Vallejo Pons, Francisco"]
[Result "0-1"]
[WhiteElo "2585"]
[BlackElo "2710"]
[Annotator "TA"]
[PlyCount "112"]
[EventDate "2020.09.16"]
[EventType "team-tourn"]
[EventCountry "GER"]
[SourceTitle "playchess.com"]
[Source "ChessBase"]
[SourceQuality "1"]
[WhiteTeam "Deizisau"]
[BlackTeam "Baden-Baden"]

{[%evp 14,112,11,0,16,16,20,10,36,-8,-10,-13,0,0,0,0,0,0,22,0,16,-12,17,0,0,0,0,0,0,0,0,-48,-33,-49,-49,-59,-26,-37,-24,-54,-58,-82,-55,-48,-53,-70,-83,-97,-88,-93,-81,-107,-76,-71,-76,-89,-65,-50,-40,-47,-47,-70,-70,-78,-57,-62,-51,-91,-75,-91,-53,-97,-98,-100,-81,-97,-88,-130,-131,-136,-143,-124,-104,-96,0,0,0,-1392,-524,-5900,-12835,-516,-469,-12840,-12840,-12841,-12841,-12843,-12841,-12842,-12843]} 1. e4 e6 2. d4 d5 3. Nd2 c5 4. Ngf3 cxd4 5. Nxd4 Nc6 6. Bb5 Bd7 7. Nxc6 bxc6 8. Bd3 Bd6 {C07: French Tarrasch: 3...c5, 4 Ngf3 and 4 exd5 Qxd5.} 9. Qe2 Qc7 10. Nf3 dxe4 {The position is equal.} 11. Bxe4 (11. Qxe4 {is interesting.} Rb8 12. Qh4 c5 13. b3 Be5 14. Rb1) 11... Nf6 12. O-O Nxe4 13. Qxe4 {[#]} f6 $5 $146 {[%mdl 8] An interesting novelty.} ({Predecessor:} 13... O-O 14. Rd1 Rad8 15. Bd2 c5 16. Qe1 Qb8 17. Ba5 Bc7 18. Bxc7 Qxc7 19. Qe5 Qb6 {1-0 (51) Wang,H (2704)-Shankland,S (2656) Edmonton 2015}) 14. Rd1 Rd8 15. Bd2 c5 16. h3 Be7 17. Qc4 Qb6 18. a4 e5 19. Be3 Rc8 20. Nd2 Be6 21. Qb5+ Kf7 22. Ne4 Qc6 23. f3 a6 $36 {[%mdl 2048] Black is pushing.} 24. Qe2 h6 25. Rd2 f5 26. Nf2 c4 $1 27. a5 Rhd8 28. Rxd8 Rxd8 {[%cal Bc8d8,Bd8d5,Bd5b5][%mdl 32]} 29. Bb6 Rd5 30. b3 Rb5 31. bxc4 Qxc4 32. Nd3 e4 33. fxe4 fxe4 {Hoping for ...Bf6.} 34. Nf4 Qxe2 35. Nxe2 Bf6 36. Re1 Rb2 37. Nf4 Bc4 38. c3 Bd3 (38... Bh4 $5 {[%cal Rh4e1]} 39. Rxe4 Bg3 $17) 39. Rd1 Bb5 $1 40. Nd5 Bh4 41. Kh2 Bg5 42. Be3 Bxe3 43. Nxe3 $17 {[%mdl 4096] Endgame KRB-KRN} Bd3 $1 44. Nd5 Rc2 45. Kg1 {[#]} g5 $1 46. Nb4 Rxc3 47. Nxd3 exd3 {KR-KR} 48. Kf2 Rc2+ (48... Ke6 $17 49. Ke3 Kd5) 49. Kf3 $11 d2 50. Ke4 $2 {[%mdl 8192]} (50. Ke2 $11) 50... Ke6 $19 {Black is clearly winning.} 51. g4 Rb2 (51... Kd6 $142 52. Kf3 Kc5) 52. Ke3 Kd5 53. Kd3 (53. Ke2 $142 Kc5 54. Ra1) 53... Rb4 54. Kc2 {[#]} Rd4 $1 55. Kc3 Kc5 56. Kc2 Kc4 {Accuracy: White = 69%, Black = 86%.} 0-1

[Event "BL Meisterschaftsturnier 2020"]
[Site "Karlsruhe"]
[Date "2020.09.16"]
[Round "1.7"]
[White "Zaragatski, Ilja"]
[Black "Rafiee, Makan"]
[Result "1-0"]
[WhiteElo "2517"]
[BlackElo "2334"]
[Annotator "TA"]
[PlyCount "119"]
[EventDate "2020.09.16"]
[EventType "team-tourn"]
[EventCountry "GER"]
[SourceTitle "playchess.com"]
[Source "ChessBase"]
[SourceQuality "1"]
[WhiteTeam "Viernheim"]
[BlackTeam "Bayern Muenchen"]

{[%evp 19,119,15,17,13,20,-4,9,3,31,27,54,-21,-29,-22,13,16,34,26,27,22,22,19,28,15,11,15,16,6,11,10,16,13,22,15,18,15,15,17,192,167,183,179,227,0,72,0,238,227,236,237,235,235,234,234,303,301,290,0,203,0,274,267,257,179,193,173,189,171,191,199,183,167,126,97,599,581,581,317,366,354,345,333,308,276,420,361,1164,1016,965,922,1073,940,1211,1176,1355,1157,1249,972,4809,4610,1539,1338]} 1. Nf3 d5 2. g3 Nf6 3. Bg2 e6 4. c4 Be7 5. O-O O-O 6. b3 b6 7. cxd5 Nxd5 8. Bb2 Bb7 9. d4 c5 10. dxc5 Bxc5 11. a3 {A14: English Opening: 1...e6 with b3 by White.} a5 12. Nbd2 Nd7 13. Nd4 {[#] The position is equal.} Rc8 $146 ({Predecessor:} 13... N7f6 14. Nc4 Re8 15. e4 Nc7 16. Re1 Rc8 17. e5 Bxg2 18. Kxg2 Nfd5 19. Qg4 f5 20. exf6 Nxf6 {1-0 (39) Bistric,F (2466)-Ribli,Z (2586) Bihac 1999}) 14. Nc4 Qe7 {[#]} 15. Nf5 (15. b4 $1 $14 {[%mdl 512]} Bxb4 (15... axb4 16. axb4) 16. axb4 Rxc4 17. bxa5) 15... exf5 $11 16. Bxd5 Bxd5 17. Qxd5 Qe6 18. Rfd1 {Threatens to win with Qxe6.} Nf6 19. Qxe6 fxe6 20. Bxf6 gxf6 21. a4 Rfd8 22. Rac1 Rd5 23. Nb2 Rcd8 24. Rxd5 Rxd5 {[%mdl 4096] Endgame KRB-KRN} 25. Nd3 Kf7 26. Kf1 Ke7 27. Rc4 Rd4 28. Rc3 Bb4 $2 (28... Rd5 $11 {and Black has nothing to worry.}) 29. Rc7+ Rd7 30. Rc6 Rd6 31. Rc7+ $2 (31. Nxb4 $18 {Hoping for Rc7+.} axb4 32. Rc4) 31... Rd7 $16 32. Rc6 $2 (32. Rc8 $16) 32... Rd6 $18 33. Nxb4 axb4 {KR-KR} 34. Rc4 Rd1+ 35. Kg2 Kd6 36. Rxb4 Kc5 37. Rc4+ Kd5 38. Rb4 Kc5 39. Rc4+ Kd5 $1 40. Rh4 Rb1 41. b4 Ra1 42. b5 h5 43. e3 Ra2 44. Rxh5 Rxa4 45. h4 Rb4 46. Rh8 {Black must now prevent h5.} Kd6 $2 {[%mdl 8192]} (46... Rxb5 $16 47. Rb8 Kc6) 47. h5 {Strongly threatening h6.} Ke7 48. h6 Kf7 49. h7 {Intending Rb8 and mate.} Kg7 50. Rf8 Kxh7 51. Rxf6 Rxb5 (51... Re4 $142 52. Rf7+ Kg6) 52. Rxe6 Kg7 $2 (52... Rc5 53. Rxb6 Kg7) 53. e4 $1 {[%cal Re4f5] White is clearly winning.} fxe4 54. Rxe4 Kf6 55. g4 Rc5 56. f4 b5 57. Re8 Rc2+ 58. Kg3 Rc3+ {[#]} 59. Kh4 $1 Rc4 {[#]} 60. f5 $1 {Accuracy: White = 82%, Black = 52%.} 1-0

[Event "BL Meisterschaftsturnier 2020"]
[Site "Karlsruhe"]
[Date "2020.09.16"]
[Round "1.8"]
[White "Bacrot, Etienne"]
[Black "Demuth, Adrien"]
[Result "1-0"]
[WhiteElo "2673"]
[BlackElo "2492"]
[Annotator "TA"]
[PlyCount "71"]
[EventDate "2020.09.16"]
[EventType "team-tourn"]
[EventCountry "GER"]
[SourceTitle "playchess.com"]
[Source "ChessBase"]
[SourceQuality "1"]
[WhiteTeam "Baden-Baden"]
[BlackTeam "Deizisau"]

{[%evp 22,71,22,36,30,29,36,38,38,31,51,14,46,43,72,60,221,232,232,224,244,244,228,172,233,232,225,163,154,162,160,143,351,343,349,338,318,329,583,521,686,741,729,740,735,724,936,931,987,988,943,835]} 1. Nf3 c5 2. c4 Nc6 3. Nc3 g6 4. e3 Nf6 5. d4 cxd4 6. exd4 d5 7. cxd5 Nxd5 8. Qb3 Nxc3 9. Bc4 Nd5 10. Bxd5 e6 11. Bxc6+ bxc6 12. O-O f6 {A35: Symmetrical English: 2 Nc3 Nc6 3 Nf3.} 13. Be3 {13.Bf4 is vanishing.} Qd5 14. Rfc1 Be7 {White is slightly better.} 15. Nd2 Kf7 16. Rc3 {[#]} Bd7 $146 ({Predecessor:} 16... a5 17. Qc2 a4 18. Ne4 Ba6 19. Nc5 Bb5 20. Re1 Qxa2 21. Bc1 Bxc5 22. dxc5 Rad8 {½-½ (30) Grandelius,N (2609)-Kanmazalp,O (2457) Jerusalem 2015}) 17. Qc2 Qf5 18. Ne4 Rhg8 $2 {[#]} (18... Kg7 $14) 19. Bg5 $1 $18 {[%mdl 512]} fxg5 20. Rf3 g4 21. Rxf5+ exf5 22. Nd2 Bf6 {[#]} (22... Rgd8 $142 23. Re1 Bf6) 23. Nc4 $1 Kg7 24. Ne5 Rgd8 25. Qb3 $36 {[%mdl 2048] Strongly threatening Qf7+. White has strong initiative.} Be8 26. Qb7+ Kh6 $2 {Loses the game.} (26... Kg8 $16 {was called for.} 27. b3 Rdb8) 27. h3 gxh3 28. Re1 {And now Re3 would win.} ({Less strong is} 28. gxh3 Rdb8 $16) 28... Rab8 29. Qxa7 {aiming for Re3.} Rb4 $2 (29... Ra8 30. Qc5 Kg7 31. gxh3 Rxa2) 30. Re3 {White is clearly winning.} Rdxd4 31. Rxh3+ Rh4 32. Rxh4+ Rxh4 33. Qb8 Re4 34. f4 Bxe5 35. fxe5 Bd7 36. Qd6 {Accuracy: White = 87%, Black = 44%.} 1-0

[Event "BL Meisterschaftsturnier 2020"]
[Site "Karlsruhe"]
[Date "2020.09.16"]
[Round "1.8"]
[White "Grafl, Florian"]
[Black "Beikert, Guenther"]
[Result "0-1"]
[WhiteElo "2353"]
[BlackElo "2395"]
[Annotator "TA"]
[PlyCount "88"]
[EventDate "2020.09.16"]
[EventType "team-tourn"]
[EventCountry "GER"]
[SourceTitle "playchess.com"]
[Source "ChessBase"]
[SourceQuality "1"]
[WhiteTeam "Bayern Muenchen"]
[BlackTeam "Viernheim"]

{[%evp 9,88,0,2,0,8,-12,-12,-13,-11,-7,-3,-7,11,10,20,-29,-11,-38,35,28,60,61,66,60,102,93,139,139,139,150,144,70,71,72,71,77,73,75,98,-18,0,0,13,0,32,0,0,0,0,-172,-193,-190,-160,-60,-60,-32,-41,-480,-473,-541,-375,-655,-655,-615,-598,-600,-647,-640,-639,-597,-595,-710,-698,-696,-667,-1993,-1950,-3218,-2146,-1948,-1407]} 1. b3 c5 2. Bb2 Nc6 3. e3 e6 4. f4 Nf6 5. Nf3 a6 6. Ne5 {A02: Bird's Opening.} Qc7 {[#]} 7. Qf3 $146 ({Predecessor:} 7. Bd3 Be7 8. O-O O-O 9. Qf3 Nb4 10. Nc3 d6 11. Ng4 Nxd3 12. cxd3 d5 13. e4 {1-0 (29) Bocksberger,S (2216)-Wurzel,A (2189) Bayern 2009}) 7... Nb4 8. Na3 {The position is equal.} d6 9. Ng4 Nxg4 10. Qxg4 b6 11. Be2 Bb7 12. Bf3 O-O-O 13. O-O Rg8 ({Black should play} 13... d5 $15) 14. f5 $14 Bxf3 15. Rxf3 ({Of course not} 15. gxf3 $6 e5 $11) 15... e5 16. Rh3 f6 17. c3 $1 {[%cal Rc3b4]} Nc6 {[#]} 18. Qc4 $1 {[%cal Rc4g8]} ({But not} 18. Rxh7 d5 $14) 18... Rh8 19. Qxa6+ Qb7 20. Qxb7+ (20. Qe2 $142) 20... Kxb7 $16 21. c4 d5 22. cxd5 Rxd5 23. Bc3 e4 24. g4 (24. Rh4 $16) 24... Bd6 25. Nc4 Bc7 26. a4 Nd8 27. g5 Rxf5 28. gxf6 gxf6 29. Rh6 $2 {[#]} (29. Kh1 $11) 29... Nf7 $1 $19 {[%cal Rf7h6]} 30. Rxf6 Rg8+ 31. Kh1 Rh5 $1 {[%csl Gc7][%cal Rh5h2][%mdl 1024] Black has compensation.} 32. Rf2 Nh6 $40 {[%mdl 128] Hoping for ...Rg6. Black attacks.} 33. Rg1 $2 {[%mdl 8192] [#]} (33. Rg2 $1 $15) 33... Ng4 $1 {[%cal Rg4f2][%mdl 576] Double Attack} 34. Rfg2 {White wants to play Ne5.} Rg6 35. Re2 $2 (35. Rb1 Rf5 36. Rbg1 Nf2+ 37. Rxf2 Rxf2 38. Rxg6 Rxh2+ 39. Kg1 hxg6 40. b4) 35... Bxh2 {( -> ...Nf2+!). Black is clearly winning.} 36. Rgg2 {[%cal Rg2h2]} Bg3+ 37. Kg1 Rgh6 {[%csl Gh6][%cal Rh5h1]} 38. Kf1 Nh2+ 39. Rxh2 Rxh2 40. Rxh2 Rxh2 {KRB-KBN} 41. Kg1 h5 42. b4 h4 43. bxc5 bxc5 44. Na5+ Ka8 {Never resign too early! Accuracy: White = 54%, Black = 77%.} 0-1

[Event "BL Meisterschaftsturnier 2020"]
[Site "Karlsruhe"]
[Date "2020.09.16"]
[Round "1.9"]
[White "Fressinet, Laurent"]
[Black "L'Ami, Erwin"]
[Result "1/2-1/2"]
[WhiteElo "2635"]
[BlackElo "2620"]
[Annotator "TA"]
[PlyCount "109"]
[EventDate "2020.09.16"]
[EventType "team-tourn"]
[EventCountry "GER"]
[SourceTitle "playchess.com"]
[Source "ChessBase"]
[SourceQuality "1"]
[WhiteTeam "Werder Bremen"]
[BlackTeam "Solingen"]

{[%evp 11,109,27,29,34,31,-14,30,43,35,31,38,38,37,18,19,15,47,36,43,56,59,59,60,60,54,55,54,58,70,84,83,61,54,62,76,70,80,67,51,58,110,110,108,96,110,110,110,102,115,115,396,328,333,134,114,26,26,31,92,26,26,26,26,26,26,26,26,26,26,26,26,26,26,26,26,26,26,26,26,26,33,0,0,0,0,0,0,0,0,0,0,0,0,0,0,0,0,0,0,0]} 1. d4 d5 2. Nf3 Nf6 3. c4 e6 4. Nc3 c5 5. cxd5 cxd4 6. Qxd4 exd5 7. e4 {D41: Queen's Gambit Declined: Semi-Tarrasch with 5 cxd5.} dxe4 8. Qxd8+ Kxd8 9. Ng5 {White has an edge.} Be6 10. Nxe6+ fxe6 11. Bg5 Ke8 12. O-O-O Nc6 13. Bc4 {[#] Black should prevent Bxf6.} Kf7 $146 ({Predecessor:} 13... Ne5 14. Bb5+ Kf7 15. Bxf6 gxf6 16. Nxe4 a6 17. Ba4 b5 18. Bb3 Bh6+ 19. Kb1 Rhd8 {1-0 (51) Khairullin,I (2630)-Grachev,B (2673) Moscow 2015}) 14. Rhe1 Ne5 15. Bxf6 gxf6 16. Rxe4 Bh6+ 17. Kc2 Rhd8 18. Bb3 Rxd1 19. Nxd1 Rc8+ 20. Nc3 {Strongly threatening f4.} b5 21. f4 Nc4 22. Bxc4 bxc4 $14 {[%mdl 4096] Endgame KRB-KRN} 23. Nb5 Rc5 24. Nd4 e5 25. fxe5 Rxe5 (25... fxe5 $14 26. Nf3 Ke6) 26. Rxe5 $16 fxe5 $14 {[#] KB-KN} 27. Nc6 $1 Ke6 28. Nxa7 e4 29. Nb5 Bf4 30. g3 Be5 $2 {[%mdl 8192]} (30... Bg5 $16) 31. a4 $18 e3 32. Nc3 (32. a5 $18 {and the rest is easy.}) 32... Kd6 $16 33. Kd1 (33. b4 $16) 33... Kc5 $1 $11 34. a5 Bd4 {[#]} (34... Kb4 $14) 35. Ke2 (35. Kc2 $1 $16) 35... Kb4 36. a6 Ka5 37. Ne4 Kxa6 38. Nd6 Bxb2 {Threatens to win with ...c3.} 39. Nxc4 Bc1 $1 40. Nxe3 (40. Nd6 {keeps more tension.} Kb6 41. Nf5 Kc5 42. Nxe3 Kc6 43. Kf3) 40... Kb5 41. Kf3 {Hoping for Ng4.} Kc6 42. Ng4 Kd6 43. Nf6 h6 44. Ke4 Ke6 45. Nd5 Bd2 46. g4 h5 {The position is equal.} 47. gxh5 Bc1 48. h4 Bd2 49. Nc7+ Kf6 50. Kf3 {And now Nb5 would win.} Kf5 51. Nb5 {Nd6+ is the strong threat.} Be1 52. Nd4+ Ke5 53. h6 Kf6 54. h5 Bd2 55. Ke4 {Accuracy: White = 85%, Black = 85%.} 1/2-1/2

[Event "BL Meisterschaftsturnier 2020"]
[Site "Karlsruhe"]
[Date "2020.09.16"]
[Round "1.9"]
[White "Seel, Christian"]
[Black "Gumularz, Szymon"]
[Result "1-0"]
[WhiteElo "2475"]
[BlackElo "2518"]
[Annotator "TA"]
[PlyCount "139"]
[EventDate "2020.09.16"]
[EventType "team-tourn"]
[EventCountry "GER"]
[SourceTitle "playchess.com"]
[Source "ChessBase"]
[SourceQuality "1"]
[WhiteTeam "Aachen"]
[BlackTeam "SF Berlin"]

{[%evp 9,139,35,31,22,20,-13,0,-2,0,0,6,0,7,-13,-21,-23,-39,-24,0,-4,0,-22,-9,-20,-12,-29,4,-135,0,0,4,0,-2,-28,-24,-33,-41,-43,-49,-49,-33,-83,-75,-87,-37,-58,-14,-39,0,0,43,31,114,105,102,95,122,102,105,104,132,128,142,143,136,127,141,88,97,97,108,56,223,225,212,212,228,213,557,548,608,606,29951,29951,6203,5517,2278,366,654,348,992,335,268,0,1014,977,931,829,802,775,2204,2158,1432,876,29967,29968,29970,29971,29971,29972,29971,29973,29973,29975,29976,29977,29977,29978,29978,29978,29978,29978,29980,29981,29982,29983,29983,29983,29984,29985,29985,29986]} 1. Nf3 d6 2. d4 Nf6 3. c4 g6 4. Nc3 Bf5 5. g3 Ne4 6. Qb3 {E61: King's Indian: Early deviations for White, including Smyslov System.} (6. Bg2 {keeps more tension.} Bg7 7. Nh4 Nxc3 8. bxc3 Bc8 9. Rb1) 6... Nxc3 $1 7. Qxc3 (7. bxc3 {seems wilder.} c5 8. Qxb7 Nd7 9. Bg2 Bg7 10. O-O) 7... Bg7 8. Bg2 {The position is equal.} Nc6 9. Be3 O-O 10. O-O {[#]} e5 $146 ({Predecessor:} 10... Be4 11. Qd2 d5 12. c5 a5 13. Rfd1 Qe8 14. Bh6 Rd8 15. Bxg7 Kxg7 16. Qf4 Qd7 {½-½ (42) Corredor Rengifo,L (2141)-Cardoso Cardoso,J (2313) Ibague 2018}) 11. dxe5 dxe5 {Threatens to win with ...e4.} 12. Rfd1 Qe7 13. Qb3 Rab8 14. Rd2 h6 15. Qb5 Rfd8 16. Rad1 Rxd2 17. Rxd2 Be6 18. b3 (18. Bc5 $11 {keeps the balance.} Qf6 19. Nh4) 18... a6 (18... e4 $17 19. Nd4 Nxd4 20. Rxd4 Bxd4 21. Bxd4 Bf5) 19. Qc5 $11 Qe8 $36 {[%mdl 2048] Strongly threatening ...Bf8. Black fights for an advantage.} (19... Qf6 $5 20. Qa3 $8 g5 $11) 20. Qa3 f5 21. Qc1 g5 22. Ne1 b6 {Hoping for ...f4.} 23. f3 f4 24. Bf2 Bf5 25. e4 Be6 26. Nc2 Qg6 27. Qa3 Ra8 28. Qa4 Bf7 29. Bh3 Be8 {White must now prevent ...Nd4.} 30. Bd7 Rd8 (30... Bf8 $14) 31. Bxe8 $1 $16 Rxe8 32. g4 $1 a5 33. c5 bxc5 34. Bxc5 Qe6 35. Kg2 h5 36. h3 hxg4 37. hxg4 Rb8 38. Na3 ({White should try} 38. Rd5) 38... Bf8 39. Bxf8 Kxf8 40. Nc4 (40. Rc2 $1 $16 {[%cal Rc2c6]} Nd4 41. Rxc7) 40... Kg7 $2 ({Better is} 40... Qh6 $1 $14) 41. Nxa5 $18 Nd4 {[#]} 42. Nc4 $1 Rd8 43. Qa5 Kf6 $2 (43... Qe7 {is tougher.} 44. Qxe5+ Qxe5 45. Nxe5 c5) 44. Qxc7 Rh8 45. Nb6 {aiming for Nd7+.} Rh2+ 46. Kxh2 Nxf3+ 47. Kh3 {Nd7+ would kill now.} Nxd2 48. Nd7+ $2 (48. Nd5+ Kg6 49. Ne7+ Kf7 50. Nf5+ Kf8 51. Qd8+ Kf7 52. Qxd2) 48... Kg7 $2 (48... Kf7 49. Nxe5+ Ke8) 49. Nxe5+ Kh6 $2 (49... Kf6 50. Nd7+ Kf7 51. Nc5+ {[%mdl 64] Discovered Attack} Qe7) 50. Nf7+ $2 (50. Qc6 Qxc6 51. Nxc6) 50... Kg6 51. Ne5+ $2 (51. Nd8 Qxe4 52. Qf7+ Kh6 53. Qh5+ Kg7 54. Qxg5+ Kh7 55. Qh5+ Kg8 56. Qf7+ Kh8 57. Qf8+ Kh7 58. Qf5+ Qxf5 59. gxf5) 51... Kh6 {[#]} 52. Qc6 $1 {[%cal Rc6e6]} Qxc6 53. Nxc6 Nxe4 {[%mdl 4096] Endgame KN-KN} 54. Kg2 Kg6 55. a4 {[%cal Ba2a4,Ba4a5,Ba5a6,Ba6a7][%mdl 32]} Kf6 56. a5 Nd6 57. a6 {White mates.} Nb5 58. a7 Nc7 59. Kf3 Ke6 60. Ke4 Kd7 61. Nd4 Kc8 {[#]} 62. Ne6 $1 {[%mdl 512]} Na8 (62... Nxe6 63. a8=Q+) 63. Nxg5 Kb7 64. Ne6 Nb6 65. g5 Nc8 66. g6 Kxa7 67. g7 Ne7 68. Nd4 Kb6 69. Nf5 Ng8 70. Kxf4 {Accuracy: White = 77%, Black = 56%.} 1-0